000 00451nam a2200181Ia 4500
001 14100
005 20260306164849.0
008 260306t2016||||xx |||||||||||||| ||spa||
041 _aESP
082 _a306.48425098
_bR92
100 _aRuesga Bono, Julián,
_eAUT
245 0 _aJazz en español :
_bderivas hispanoamericanas
260 _c2016
300 _a411 páginas :
_c23 cm.
650 _aGEN
654 _aCHU
942 _cLIB
_dJUS
_fJUS
_2ddc
_n
999 _c14100
_d14100